000
00318nam a22001457a 4500
008
220131b ||||| |||| 00| 0 eng d
020
_a
9786082363608
041
_a
alb
080
_a
712
082
_a
712
100
_a
25.2
101
_a
PSI
245
_a
Metodologjia ne Psikologji
_c
Osmani Q.
942
_2
udc
_c
BK
999
_c
58317
_d
58317